1995: NFL Teams with the Most Points - Statistics

General Stats
  • This quiz has been taken 10 times
  • The average score is 8 of 10
Answer Stats
Number of points NFL Team % Correct
457 San Francisco 49ers
100%
392 Chicago Bears
88%
435 Dallas Cowboys
88%
404 Green Bay Packers
88%
398 Miami Dolphins
88%
388 Denver Broncos
75%
412 Minnesota Vikings
63%
407 Pittsburgh Steelers
63%
436 Detroit Lions
50%
363 Seattle Seahawks
50%
No matching quizzes found
Score Distribution
Percent of People with Each Score
Percentile by Number Answered
Your Score History
You have not taken this quiz